000 00589nam a2200193 4500
999 _c64016
_d64016
003 Ge_BSU
005 20260310101727.0
008 260310s1982 enk||||| |||| 00| 0 eng d
020 _a9780374522070x
041 _aeng
080 _a008(520) B-27
100 _aBarthes, Roland
_927095
245 _aEmpire of Signs /
_cRoland Barthes, Translator Richard Howard.
264 _aNew York :
_bHill and Wang,
_c1982.
300 _a112 p.:
_bill.;
_c20 cm.
653 _aიაპონია
700 _aHoward, Richard
_eმთარგმნელი
_927096
942 _2udc
_cᲬᲘᲒᲜᲘ